000 00909nam a2200265Ia 4500
003 OSt
005 20221005111103.0
006 a|||||r|||| 00| 0
007 ta
008 221004b |||||||| |||| 00| 0 hin d
020 _a9788183611787 (hbk)
_c250
024 _a19965
037 _bSP/3818, 25/03/2015, Star Publications Pvt. Ltd.
_cTextual
040 _aCRL
_cCRL
_bhin
041 _2hin
_ahin
082 _aO152,1NPUx, P7
100 _aपुष्पिता
245 0 _aहृदय की हथेली
246 _aHṛudaya kī hathelī
260 _aनई दिल्ली
_bराधाकृष्ण भारत
_c2007
300 _a127पृ0
_ccm.
650 _aहिन्दी साहित्य
942 _hO152,1NPUx, P7
_cTEXL
_2cc
999 _c1020774
_d1020774